MARC

LEADER 00000nam0a2200000 4500
001 277580
005 20231101235029.0
035 |a (RuTPU)RU\TPU\book\300856 
090 |a 277580 
100 |a 20141204d1985 k y0rusy50 ca 
101 0 |a rus 
102 |a RU 
105 |a a z 001zy 
200 1 |a Изменения геологической среды и их прогноз  |f Академия наук СССР (АН СССР), Сибирское отделение (СО) ; под ред. Ю. Б. Тржцинского 
210 |a Новосибирск  |c Наука  |d 1985 
215 |a 152 с.  |c ил. 
320 |a Библиогр.: с. 143-149 
606 1 |a Инженерная геология  |2 stltpush  |3 (RuTPU)RU\TPU\subj\12572  |9 39335 
606 1 |a Техносфера  |2 stltpush  |3 (RuTPU)RU\TPU\subj\60156  |9 77645 
610 1 |a геологическая среда 
610 1 |a оценка 
610 1 |a прогнозирование 
610 1 |a геологические процессы 
610 1 |a развитие 
610 1 |a антропогенные изменения 
675 |a 624.131.1  |v 4 
675 |a 550.7  |v 4 
702 1 |a Тржцинский  |b Ю. Б.  |4 340 
712 0 2 |a Академия наук СССР (АН СССР)  |b Сибирское отделение (СО)  |c (Новосибирск)  |2 stltpush  |3 (RuTPU)RU\TPU\col\11215 
801 1 |a RU  |b 63413507  |c 20141204 
801 2 |a RU  |b 63413507  |c 20170406  |g RCR 
942 |c BK